| 000 | 00577nam a2200205 u 4500 | ||
|---|---|---|---|
| 005 | 20240831063740.0 | ||
| 008 | 111104s2005 es r 000 0 spa d | ||
| 020 | _a8428527598 | ||
| 035 | _aUPN01000182409 | ||
| 049 | _aI | ||
| 050 | 4 |
_aPZ78 _bG8.4 |
|
| 100 | 1 |
_aGuerrero Sánchez, Andrés, _d1958- _931816 |
|
| 245 | 1 | 0 |
_aCuatro cuentos de ciudad / _cAndrés Guerrero. |
| 260 |
_aMadrid : _bSan Pablo, _cc2005. |
||
| 300 |
_a87 p. : _bil. col. |
||
| 440 | 3 |
_aLa brújula ; _v2 |
|
| 650 | 4 |
_aCuentos infantiles españoles _97725 |
|
| 905 | _aInfantil | ||
| 999 |
_c154512 _d154512 |
||